One Piece: Characters - Crossword - Statistics

General Stats
  • This quiz has been taken 152 times
  • The average score is 10 of 22
Answer Stats
Pos. Hint Answer % Correct
H1 The main character Luffy
100%
V1 The prince of Elbaph Loki
76%
H8 The secret supreme ruler of the World Government Imu
69%
V6 He has a bounty of 4,611,100,000 ฿ Kaido
62%
H9 He was a member of the Roger and Whitebeard Pirates Oden
62%
V11 The youngest of the Shichibukai (Seven Warlords of the Sea) Law
57%
V9 The real name of Big Mom Linlin
57%
H3 Zou's King of Day Inuarashi
52%
H10 The first Paramecia devil fruit user Buggy
51%
V7 She was discovered by the Red Hair Pirates in a treasure chest Uta
50%
V10 The leader of the nine Akazaya Kine'mon
49%
H11 Lover of King Harald of Elbaph Ida
43%
H4 Former member of the Tobiroppo Ulti
40%
H2 Senor Pink deceased wife Russian
39%
V4 He fought against Gol D. Roger in the Edd War Shiki
35%
V8 He is called the Red Ogre Brogy
34%
H6 The family name of Momonosuke Kouzuki
34%
H5 The captain of the ninth ship of the Blackbeard Pirates Doc Q
31%
V3 The oldest giant in the world Jarul
27%
H7 The king of Dressrosa Kingdom Doldo
26%
V5 He is an animal that ate the Hito Hito no Mi, Model: Onyudo Onimaru
17%
V2 The captain of the Orochi Oniwabanshu Fukurokuju
16%
No matching quizzes found
Score Distribution
Percent of People with Each Score
Percentile by Number Answered
Your Score History
You have not taken this quiz